Convergence report 2004 : European Economy 2004,Special Report No 2

Saved in:
Bibliographic Details
Format: Book
Language:English
Published: Brussels, 2005
Subjects:
Online Access: Get full text
Tags: Add Tag
No Tags, Be the first to tag this record!

MARC

LEADER 00000nlm a2200000 4500
003 SK-BrCVT
005 20220617234930.0
008 050908s2005 be e ||||||eng d
035 |a CVTIDW1301199 
040 |b slo  |a EURO:i:portál   |e AACR2 
041 0 |a eng 
044 |a be 
245 1 0 |a Convergence report 2004 :  |b European Economy 2004,Special Report No 2  |h [elektronický zdroj] 
260 |a Brussels,  |c 2005 
300 |a 144 s. 
500 |a 8 
653 1 |a Európska únia  |a nové členské štáty  |a kompatibilita legislatívy  |a zbližovanie  |a rozpočet  |a ceny  |a pdf 
692 |a MU 
856 4 |u http://www.edis.sk/ekes/KCAF04002ENC_002.pdf 
910 |b KED01276 
959 |a TS1010 
974 |f Knihy neprofilové 
992 |a SUD 
999 |c 173721  |d 173721